Polsko-niemieckie Joint Ventures na przelomie lat osiemdziesiatych i dziewiecdziesiatych

Gespeichert in:
Bibliographische Detailangaben
Weitere Verfasser: Heiduk, G.
Format: Buch
Sprache:Polnisch
Deutsch
Veröffentlicht: Warszawa Szkola Glówna Handlowa 1991
Ausgabe:1. wyd.
Schriftenreihe:Monografie i opracowania 348
Schlagworte:
Tags: Tag hinzufügen
Keine Tags, Fügen Sie das erste Tag hinzu!

MARC

LEADER 00000nam a2200000 4500
001 c013111
005 20250630080656.3
041 0 |a pol 
041 0 |a ger 
044 |a PL 
245 1 0 |a Polsko-niemieckie Joint Ventures na przelomie lat osiemdziesiatych i dziewiecdziesiatych  |c Red. G. Heiduk 
250 |a 1. wyd. 
264 1 |a Warszawa  |b Szkola Glówna Handlowa  |c 1991 
300 |a 74 s. 
490 1 |a Monografie i opracowania  |v 348 
830 0 |a Monografie i opracowania  |v 348 
610 2 0 |a joint ventures 
610 2 0 |a podnikanie 
610 2 0 |a podnik 
610 2 0 |a vzťahy hospodárske medzinárodné 
610 2 0 |a partneri obchodní 
610 2 0 |a kooperácia 
610 2 0 |a údaje štatistické 
610 2 0 |a Poľsko 
610 2 0 |a Nemecko 
700 1 |a Heiduk, G.